Book of knowledge - 3 (Record no. 6730)
[ view plain ]
| 000 -LEADER | |
|---|---|
| fixed length control field | 00222nam a22000857a 4500 |
| 008 - FIXED-LENGTH DATA ELEMENTS--GENERAL INFORMATION | |
| fixed length control field | 170614b xxu||||| |||| 00| 0 eng d |
| 100 ## - MAIN ENTRY--PERSONAL NAME | |
| 9 (RLIN) | 3381 |
| Personal name | Tata Mc Graw Hill |
| 245 ## - TITLE STATEMENT | |
| Title | Book of knowledge - 3 |
| 260 ## - PUBLICATION, DISTRIBUTION, ETC. (IMPRINT) | |
| Place of publication, distribution, etc. | New Delhi |
| Name of publisher, distributor, etc. | Tata |
| Date of publication, distribution, etc. | 2009 |
| Withdrawn status | Lost status | Source of classification or shelving scheme | Damaged status | Koha normalized classification for sorting | Not for loan | Home library | Current library | Shelving location | Date acquired | Total Checkouts | Full call number | Barcode | Date last seen | Price effective from | Koha item type |
|---|---|---|---|---|---|---|---|---|---|---|---|---|---|---|---|
| Dewey Decimal Classification | 080_000000000000000 | Good Samaritan School Library | Good Samaritan School Library | General Knowledge | 06/14/2017 | 080 | TAT8059 | 06/14/2017 | 06/14/2017 | BOOK |